000 00544nam a2200169 4500
001 42530
090 _a42530
100 _a20240112 pory50
101 _apor
102 _aPT
200 _aTodos os direitos são importantes
_eum recurso educativo sobre a convenção dos direitos da criança
_fDEFY
210 _aLisboa
_cAmnistia Internacional Secção Portuguesa
_d2005
215 _a50 p.
_cil.
314 _aDEFY - Development Education for Youth / Amnesty International Irish Section
675 _a343.4
801 _aPT
_gRPC
990 _cLIVROS